Statistics for Столицы стран Южной Америки

Click here to take the quiz!

General Stats

  • This quiz has been taken 20 times
  • The average score is 13 of 16

Answer Stats

СтранаСтолица% Correct
1АргентинаБуэнос-Айрес
100%
3БразилияБразилиа
100%
4ВенесуэлаКаракас
100%
8ПеруЛима
100%
10УругвайМонтевидео
100%
12ЭквадорСан-Франциско-де-Кито
100%
6КолумбияБогота
88%
11ЧилиСантьяго
88%
2Боливия (де-юре)Сукре
75%
2Боливия (де-факто)Нуэстра-Сеньора-де-Ла-Пас
75%
5ГайанаДжорджтаун
75%
7ПарагвайАсунсьон
75%
9СуринамПарамарибо
75%
13Гвиана (Франция)Кайенна
50%
14Фолклендские острова (Великобритания)Стэнли
38%
15Южная Георгия и Южные Сандвичевы Острова (Великобритания)Кинг-Эдуард-Пойнт
25%

Score Distribution

Percentile by Number Answered

Percent of People with Each Score

Your Score History

You have not taken this quiz